000 01358cam a2200301 i 4500
001 18373320
003 OSt
005 20260216060654.0
008 141114s2015 enka b 001 0 eng
010 _a 2014044851
020 _a9781107093164 (hbk.)
040 _aDLC
_beng
_cDLC
_erda
_dDLC
042 _apcc
043 _ae-uk-en
082 0 0 _a342.42029 HOL
100 _aHolt, J. C.
245 1 0 _aMagna Carta /
_cJ. C. Holt
250 _a3rd ed.
264 1 _aCambridge :
_bCambridge University Press,
_c2015.
300 _axxii, 462 p. :
_bill. ;
_c24 cm
505 8 _aIntroduction; 1. The Charter and its history; 2. Government and society in the twelfth century; 3. Privilege and liberties; 4. Custom and law; 5. Justice and jurisdiction; 6. Crisis and civil war; 7. Quasi Pax; 8. The quality of the Great Charter; 9. The achievement of 1215; 10. From distraint to war; 11. The re-issues and the beginning of the myth; Appendices; References: Index.
650 _aMagna Carta
700 1 _aGarnett, George
700 1 _aHudson, John
906 _a7
_bcbc
_corignew
_d1
_eecip
_f20
_gy-gencatlg
942 _2ddc
_cBK
999 _c112583
_d112583